[Event "Western Idaho Open (Reserve)"]
[Site "Boise, ID"]
[Date "2014.12.13"]
[Round "3.203"]
[White "Porth, Dylan"]
[Black "Nathan, Oliver Eli"]
[Result "1-0"]
[WhiteElo "818"]
[BlackElo "462"]
[EventRounds "5"]
[EventCountry "USA"]

1. e4 e5 2. Nf3 Nc6 3. d4 Nf6 4. d5 Bb4+ 5. Bd2 Bxd2+ 6. Nbxd2 d6 7. dxc6 bxc6
8. Bc4 O-O 9. O-O d5 10. exd5 cxd5 11. Bb5 Ne4 12. Nxe4 dxe4 13. Qxd8 Rxd8 14.
Rad1 Rxd1 15. Rxd1 Bg4 16. Bc6 h6 17. Bxa8 Kh7 18. Bxe4+ {#r} 1-0

[Event "Western Idaho Open (Reserve)"]
[Site "Boise, ID"]
[Date "2014.12.14"]
[Round "4.203"]
[White "Nathan, Oliver Eli"]
[Black "Porth, Darwin Albert"]
[Result "1-0"]
[WhiteElo "462"]
[BlackElo "432"]
[EventRounds "5"]
[EventCountry "USA"]

1. e4 e6 2. Nf3 d5 3. Nc3 c5 4. Bb5+ Nc6 5. Bxc6+ bxc6 6. O-O Ba6 7. Re1 Bd6
8. Kh1 d4 9. Na4 g5 10. d3 g4 11. Bg5 Nf6 12. e5 gxf3 13. Qxf3 Bc7 14. Bxf6
Qd7 15. Bxh8 O-O-O 16. Nxc5 Qe7 17. Nxa6 Rxh8 18. Nxc7 Qxc7 19. Qf6 Rg8 20.
Re4 c5 21. Rf4 Qc6 22. Rf3 h5 23. Qxf7 Rg5 24. Qf8+ Kb7 25. Qf4 Rg8 26. Qf7+
Qc7 27. Qxg8 Qb6 28. Rf7+ Ka6 29. Qc8+ Ka5 30. Rb7 Qa6 31. Qxc5+ Ka4 32. Rb4#
1-0

[Event "Western Idaho Open (Reserve)"]
[Site "Boise, ID"]
[Date "2014.12.14"]
[Round "5.202"]
[White "Porth, Desmond"]
[Black "Nathan, Oliver Eli"]
[Result "1-0"]
[WhiteElo "1308"]
[BlackElo "462"]
[EventRounds "5"]
[EventCountry "USA"]

1. e4 e5 2. Nf3 Nc6 3. Bb5 Bc5 4. O-O Nf6 5. Re1 O-O 6. Bxc6 dxc6 7. Nxe5 Re8
8. Nf3 Ng4 9. d4 Bb4 10. c3 Bd6 11. e5 Be7 12. h3 Nh6 13. Bxh6 gxh6 14. Qd2
Kg7 15. Qe3 a5 16. Nbd2 a4 17. a3 Ra5 18. Nf1 Bd7 19. Ng3 c5 20. Nh5+ Kg6 21.
Nf4+ Kf5 22. Qe4# 1-0

[Event "Idaho Closed"]
[Site "Twin Falls, ID"]
[Date "2015.02.14"]
[Round "1.8"]
[White "Porth, Desmond"]
[Black "Amen, Chris"]
[Result "0-1"]
[WhiteElo "1307"]
[BlackElo "1683"]
[EventRounds "6"]
[EventCountry "USA"]

1. e4 c5 2. Nf3 d6 3. Bc4 Nc6 4. c3 Nf6 5. Qc2 g6 6. d4 cxd4 7. cxd4 Bg7 8.
Bf4 O-O 9. Nc3 Bg4 10. Qd2 Bxf3 11. gxf3 e5 12. Bh6 Nxd4 13. Bxg7 Nxf3+ 14.
Ke2 Nxd2 15. Bxf8 Nxc4 16. Bh6 Nxb2 17. Rab1 Qc7 18. Rhc1 Qc4+ {#R} 0-1

[Event "Idaho Closed"]
[Site "Twin Falls, ID"]
[Date "2015.02.14"]
[Round "1.10"]
[White "Porth, Dylan"]
[Black "Buus, Jarod N"]
[Result "0-1"]
[WhiteElo "915"]
[BlackElo "1656"]
[EventRounds "6"]
[EventCountry "USA"]

1. e4 c5 2. Nf3 d6 3. d4 cxd4 4. Nxd4 Nf6 5. Nc3 a6 6. Bc4 e6 7. Nf3 Qc7 8.
Qd3 Nc6 9. O-O Nb4 10. Qe2 Nxc2 11. Rb1 Nb4 12. e5 dxe5 13. Nxe5 Bd6 14. Nf3
O-O 15. a3 Nc6 16. Bd3 Ne5 17. Nxe5 Bxe5 18. Ne4 Bxh2+ 19. Kh1 Be5 20. Bg5
Nxe4 21. Qxe4 f5 22. Qh4 Bf6 23. Bxf6 Rxf6 24. f3 Rh6 25. Qxh6 gxh6 26. g4
fxg4 27. fxg4 Bd7 28. Rbc1 Bc6+ 29. Kg1 Qg3# 0-1

[Event "Idaho Closed"]
[Site "Twin Falls, ID"]
[Date "2015.02.14"]
[Round "2.10"]
[White "Bartell, Fred"]
[Black "Porth, Dylan"]
[Result "1-0"]
[WhiteElo "1609"]
[BlackElo "915"]
[EventRounds "6"]
[EventCountry "USA"]

1. Nf3 e6 2. Nc3 d5 3. b3 c5 4. e3 Nc6 5. Bb2 a6 6. Be2 Nf6 7. O-O Bd6 8. d4
O-O 9. dxc5 Bxc5 10. h3 b5 11. a3 d4 12. exd4 Bxd4 13. Nxd4 Nxd4 14. Bf3 Nxf3+
15. Qxf3 Bd7 16. Rad1 Qc7 17. Rd2 Rad8 18. Qe2 h6 19. Rfd1 Bc6 20. Na2 Ne4 21.
Rxd8 Rxd8 22. Nb4 Bd5 23. Rd4 Qb7 24. c4 bxc4 25. bxc4 a5 26. cxd5 axb4 27.
Rxb4 Qxd5 28. Rxe4 Qd1+ 29. Kh2 Qd6+ 30. g3 f5 31. Rd4 Qb8 32. Qxe6+ Kf8 33.
Rxd8+ Qxd8 34. Qxf5+ Kg8 35. Qe6+ Kf8 36. Be5 Qe7 37. Bxg7+ Qxg7 38. Qc8+ Kf7
39. Qd7+ Kg6 40. Qxg7+ Kxg7 41. a4 {#r} 1-0

[Event "Idaho Closed"]
[Site "Twin Falls, ID"]
[Date "2015.02.14"]
[Round "2.14"]
[White "Catangcatang, Levi"]
[Black "Porth, Desmond"]
[Result "0-1"]
[WhiteElo "544"]
[BlackElo "1307"]
[EventRounds "6"]
[EventCountry "USA"]

1. c4 c6 2. Nc3 d5 3. d3 d4 4. Ne4 e5 5. Nf3 Qc7 6. e3 c5 7. g3 b6 8. Bg2 Bb7
9. Nfg5 f5 10. Ne6 Qd7 11. Nxf8 Kxf8 12. f3 fxe4 13. fxe4 Nf6 14. O-O Ke7 15.
exd4 cxd4 16. Qf3 Qg4 17. Qf2 Nbd7 18. h3 Qg6 19. b3 Nc5 20. Ba3 Kd7 21. Rad1
h5 22. Bxc5 bxc5 23. Qf5+ Qxf5 24. Rxf5 Kd6 25. Bf3 Bc8 26. Rg5 Rh7 27. g4
hxg4 28. hxg4 Bd7 29. a3 a5 30. Kf2 Rg8 31. Rg6 Rh6 32. Rg5 Rh2+ 33. Bg2 Bxg4
34. Kg3 Bxd1 35. Kxh2 Bxb3 36. Bf3 Ke7 37. Rxe5+ Kd6 38. Rg5 Ne8 39. e5+ Kc7
40. Rg6 Rf8 41. Be4 Rf2+ 42. Kg3 Re2 43. Kf4 Rf2+ 44. Bf3 Bd1 45. Rg3 Bxf3 46.
Rxf3 Rxf3+ 47. Kxf3 Kd7 48. Kf4 Ke6 49. Ke4 g5 50. Kf3 Kxe5 51. Kg4 Kf6 52.
Kf3 Kf5 53. Kg3 g4 54. a4 Nf6 {#R} 0-1

[Event "Idaho Closed"]
[Site "Twin Falls, ID"]
[Date "2015.02.15"]
[Round "3.10"]
[White "Porth, Desmond"]
[Black "Roland, Jeffrey T"]
[Result "0-1"]
[WhiteElo "1307"]
[BlackElo "1730"]
[EventRounds "6"]
[EventCountry "USA"]

1. e4 e5 2. Nf3 Nc6 3. Bb5 a6 4. Ba4 Nf6 5. O-O Nxe4 6. d4 b5 7. Bb3 d5 8.
Nxe5 Nxe5 9. dxe5 Be6 10. c3 Be7 11. Be3 O-O 12. Nd2 Bc5 13. Bd4 Be7 14. Nxe4
dxe4 15. Bxe6 fxe6 16. Qg4 Qd5 17. Rfe1 c5 18. c4 Qxd4 19. Qxe6+ Rf7 20. b3
Raf8 21. Rf1 Kh8 22. h3 Rxf2 23. Rxf2 Qxf2+ 24. Kh2 Bh4 25. Qg4 e3 26. Rd1 g6
{#R} 0-1

[Event "Idaho Closed"]
[Site "Twin Falls, ID"]
[Date "2015.02.15"]
[Round "3.13"]
[White "Porth, Dylan"]
[Black "Catangcatang, Levi"]
[Result "1-0"]
[WhiteElo "915"]
[BlackElo "544"]
[EventRounds "6"]
[EventCountry "USA"]

1. e4 c6 2. d4 d5 3. e5 Bf5 4. Nf3 e6 5. Be3 c5 6. Be2 a6 7. c3 c4 8. O-O Be7
9. b3 b5 10. bxc4 bxc4 11. Nbd2 f6 12. Bf4 Qa5 13. Qc1 Ba3 14. Qd1 Qxc3 15.
Qa4+ Kf7 16. Rae1 Ne7 17. Nb1 Bxb1 18. Rxb1 Nbc6 19. Qd1 Rhf8 20. Bd2 {#r} 1-0

[Event "Idaho Closed"]
[Site "Twin Falls, ID"]
[Date "2015.02.15"]
[Round "4.10"]
[White "Longhurst, Corey Kenneth"]
[Black "Porth, Desmond"]
[Result "1/2-1/2"]
[WhiteElo "1505"]
[BlackElo "1307"]
[EventRounds "6"]
[EventCountry "USA"]

1. d4 d5 2. Bf4 Bf5 3. c3 e6 4. Qb3 b6 5. Nd2 c5 6. Ngf3 c4 7. Qa4+ Qd7 8.
Qxd7+ Nxd7 9. g3 Ngf6 10. Bg2 Nh5 11. Nh4 Nxf4 12. gxf4 Bg4 13. Nxc4 Be7 14.
Ne3 Bxe2 15. Kxe2 Bxh4 16. c4 Nf6 17. cxd5 Rd8 18. dxe6 Rxd4 19. Rac1 O-O 20.
e7 Re8 21. Rc7 Rd7 22. Rxd7 Nxd7 23. Nf5 Bxe7 24. Bc6 Bf6+ 25. Kf3 Rd8 26. b4
Nf8 27. Ne3 Rd2 28. a4 Bd4 29. h4 Bxe3 30. fxe3 Rb2 31. a5 Rxb4 32. axb6 Rxb6
33. Bd5 a5 34. Rc1 Ra6 35. f5 Ra7 36. h5 g6 37. hxg6 hxg6 38. Rg1 Kh8 39. Kg4
Nh7 40. Rh1 a4 41. Kf4 Ra5 42. e4 gxf5 43. Bxf7 fxe4 44. Bg6 Ra7 45. Kxe4 a3
46. Kd3 Kg8 47. Rxh7 Rxh7 {#d} 1/2-1/2

[Event "Idaho Closed"]
[Site "Twin Falls, ID"]
[Date "2015.02.15"]
[Round "4.13"]
[White "Dominick, Matthew"]
[Black "Porth, Dylan"]
[Result "1-0"]
[WhiteElo "1374"]
[BlackElo "915"]
[EventRounds "6"]
[EventCountry "USA"]

1. Nf3 e6 2. d4 d5 3. c4 c5 4. e3 Nc6 5. Nc3 cxd4 6. exd4 Nf6 7. a3 b6 8. Be2
Ba6 9. Qa4 Bb7 10. Ne5 Qd6 11. cxd5 Nxd5 12. Bb5 Nde7 13. Bf4 Rg8 14. Bg3 a6
15. Nxc6 axb5 16. Qxa8+ Bxa8 17. Bxd6 Nxc6 18. Bxf8 Rxf8 19. Ne2 Ke7 20. O-O
Rd8 21. Rfd1 Na5 22. a4 Bc6 23. axb5 Bxb5 24. Nc3 Nb3 25. Nxb5 Nxa1 26. Rxa1
Rd5 27. Nc3 Rxd4 28. Rd1 Rb4 29. Rd2 Rb3 30. Kf1 b5 31. Ke2 b4 32. Ne4 f5 33.
Nc5 Rxb2 34. Rxb2 Kd6 35. Nd3 g5 36. Rxb4 Ke7 37. Rb7+ Kf6 38. Rxh7 Kg6 39.
Rb7 f4 40. f3 Kf5 41. Rb5+ e5 42. Nxe5 {#r} 1-0

[Event "Idaho Closed"]
[Site "Twin Falls, ID"]
[Date "2015.02.16"]
[Round "5.9"]
[White "Nathan, Jacob Ari"]
[Black "Porth, Desmond"]
[Result "0-1"]
[WhiteElo "1395"]
[BlackElo "1307"]
[EventRounds "6"]
[EventCountry "USA"]

1. e4 c6 2. d4 d5 3. Nc3 Nf6 4. e5 Nfd7 5. Nf3 Nb6 6. Ng5 Bf5 7. Qf3 Qd7 8.
Bd3 e6 9. Bxf5 exf5 10. O-O c5 11. dxc5 Bxc5 12. Re1 O-O 13. Bf4 Re8 14. Qh5
h6 15. e6 fxe6 16. Nf3 Nc6 17. Qg6 Qf7 18. Qg3 g5 19. h4 g4 20. Bxh6 Qg6 21.
Bf4 Kg7 22. Ne5 Nxe5 23. Bxe5+ Kf7 24. b3 a6 25. Bc7 Rac8 26. Rad1 Re7 27. Bd6
Bxd6 28. Qxd6 Rxc3 29. Qxb6 Rxc2 30. a4 Rc6 31. Qe3 Qf6 32. g3 Rd6 33. Kg2 e5
34. Rh1 f4 35. gxf4 exf4 36. Qd4 Qxd4 37. Rxd4 Re4 38. Rxe4 dxe4 39. Re1 Rd4
40. h5 Kg7 41. Rh1 Kh6 42. Rh2 Rd2 43. Rh4 e3 44. Rxg4 Rxf2+ 45. Kg1 Kxh5 46.
Rg7 f3 47. Re7 Rg2+ 48. Kh1 e2 49. Re5+ Kg4 50. b4 f2 {#R} 0-1

[Event "Idaho Closed"]
[Site "Twin Falls, ID"]
[Date "2015.02.16"]
[Round "6.7"]
[White "Porth, Desmond"]
[Black "Bartell, Fred"]
[Result "1/2-1/2"]
[WhiteElo "1307"]
[BlackElo "1609"]
[EventRounds "6"]
[EventCountry "USA"]

1. e4 c5 2. Nf3 Nc6 3. Bc4 e6 4. Nc3 Nge7 5. Be2 d5 6. e5 Ng6 7. d4 cxd4 8.
Nb5 Ngxe5 9. Nxe5 Nxe5 10. Bf4 Bb4+ 11. c3 dxc3 12. bxc3 Bd6 13. Nxd6+ Qxd6
14. Qd4 f6 15. O-O O-O 16. c4 b6 17. Rfe1 Rd8 18. Rad1 Bb7 19. cxd5 Qxd5 20.
Qxd5 Rxd5 21. Bxe5 Rxe5 22. Bc4 Re8 23. Rxe5 fxe5 24. Rd7 Bc6 25. Rxa7 Kf8 26.
Rc7 {#d} 1/2-1/2

[Event "Idaho Closed"]
[Site "Twin Falls, ID"]
[Date "2015.02.16"]
[Round "6.12"]
[White "Nathan, Oliver Eli"]
[Black "Porth, Dylan"]
[Result "0-1"]
[WhiteElo "481"]
[BlackElo "915"]
[EventRounds "6"]
[EventCountry "USA"]

1. e4 e6 2. Nf3 d5 3. Bb5+ c6 4. Be2 c5 5. Bb5+ Bd7 6. Be2 Nc6 7. Nc3 Nf6 8.
O-O Bd6 9. e5 Nxe5 10. Nxe5 Bxe5 11. d3 d4 12. Ne4 Qe7 13. Bg5 h6 14. Nxf6+
Bxf6 15. Bxf6 Qxf6 16. Bf3 Rb8 17. c3 O-O 18. b4 dxc3 19. bxc5 Qd4 20. Qc2
Qxc5 21. Rac1 Rfc8 22. Qxc3 Qxc3 23. Rxc3 Rxc3 24. h3 Bc6 25. Bxc6 Rxc6 26.
Rd1 Rd6 27. d4 Rbd8 28. Rd2 Rxd4 29. Rxd4 Rxd4 30. a3 Ra4 31. Kh2 Rxa3 32. f3
b5 {#R} 0-1

[Event "Wood River Weekend Progressive"]
[Site "Hailey, ID"]
[Date "2015.10.10"]
[Round "1.1"]
[White "Porth, Desmond"]
[Black "Roland, Jeffrey T"]
[Result "0-1"]
[WhiteElo "1291"]
[BlackElo "1706"]
[EventRounds "4"]
[EventCountry "USA"]

1. e4 e5 2. Nf3 Nf6 3. Nc3 Nc6 4. Bb5 d6 5. O-O Be7 6. d3 O-O 7. Be3 Bd7 8.
Qd2 a6 9. Bc4 Na5 10. Bb3 Nxb3 11. axb3 Nh5 12. Nd5 f5 13. Nxe7+ Qxe7 14. Bg5
Qf7 15. Rfe1 h6 16. Bxh6 gxh6 17. Qxh6 Qh7 18. Qg5+ Kh8 19. Nh4 Rg8 20. Qd2
Nf4 21. g3 Qxh4 22. Kf1 Qh3+ {#R} 0-1

[Event "Wood River Weekend Progressive"]
[Site "Hailey, ID"]
[Date "2015.10.10"]
[Round "2.3"]
[White "Murphy, Andre"]
[Black "Porth, Desmond"]
[Result "0-1"]
[WhiteElo "1132"]
[BlackElo "1291"]
[EventRounds "4"]
[EventCountry "USA"]

1. c4 c6 2. Nc3 Nf6 3. g3 d5 4. cxd5 cxd5 5. Bg2 Nc6 6. d4 Bf5 7. Nf3 e6 8. e3
Bd6 9. O-O Bg4 10. Bd2 Ne4 11. Nb5 Nxd2 12. Nxd6+ Qxd6 13. Qxd2 O-O 14. a3 Ne7
15. Ne5 Bf5 16. Rac1 f6 17. Nf3 Be4 18. b4 Rac8 19. Rxc8 Rxc8 20. Rc1 Rxc1+
21. Qxc1 Qc6 22. Qb2 Qa4 23. Qa1 Nc6 24. Nd2 Bxg2 25. Kxg2 Nxb4 26. Qc3 Nc6
27. e4 Qxd4 28. Qxd4 Nxd4 29. f4 {This was the last move recorded by Andre
Murphy.} Kf7 30. Kf2 Ke7 31. Ke3 Nb5 32. Kd3 Nxa3 33. exd5 exd5 34. Kd4 Kd6
35. Nb3 b5 36. h4 f5 37. Kc3 Nb1+ 38. Kb4 Kc6 39. Ka5 Nc3 40. Nd4+ Kc5 41.
Nxf5 d4 42. Nxg7 d3 43. f5 Ne4 44. Ne6+ Kc4 45. g4 d2 46. g5 d1=Q {#R} 0-1

[Event "Wood River Weekend Progressive"]
[Site "Hailey, ID"]
[Date "2015.10.10"]
[Round "3.3"]
[White "Porth, Desmond"]
[Black "Porth, Dylan"]
[Result "0-1"]
[WhiteElo "1291"]
[BlackElo "1030"]
[EventRounds "4"]
[EventCountry "USA"]

1. e4 e6 2. Nf3 d5 3. e5 c5 4. d4 Nc6 5. Be3 Qb6 6. b3 Nh6 7. Nc3 Nf5 8. dxc5
Bxc5 9. Bxc5 Qxc5 10. Qd2 O-O 11. Bd3 Nfd4 12. Nxd4 Qxd4 13. O-O Qxe5 14. Ne2
a6 15. c3 b5 16. Bc2 Bb7 17. Qd3 f5 18. Qe3 Qxe3 19. fxe3 Rac8 20. c4 Nb4 21.
Rfc1 dxc4 22. bxc4 Rxc4 23. Bb3 Nd3 24. Bxc4 Nxc1 25. Rxc1 bxc4 26. Rxc4 Bd5
27. Rc7 Bxa2 28. Re7 Rf6 {#R} 0-1

[Event "Wood River Weekend Progressive"]
[Site "Hailey, ID"]
[Date "2015.10.10"]
[Round "4.2"]
[White "Roland, Jeffrey T"]
[Black "Porth, Dylan"]
[Result "1-0"]
[WhiteElo "1706"]
[BlackElo "1030"]
[EventRounds "4"]
[EventCountry "USA"]

1. d4 e6 2. c4 d5 3. Nf3 c5 4. cxd5 exd5 5. dxc5 Bxc5 6. e3 Nc6 7. Be2 Nf6 8.
O-O O-O 9. Qc2 Qd6 10. Rd1 Re8 11. Nc3 Bg4 12. h3 Bxf3 13. Bxf3 d4 14. Na4 Bb4
15. Bxc6 bxc6 16. Rxd4 Nd5 17. e4 Ba5 18. Bd2 Nb4 19. Qc4 Qxd4 20. Qxd4 Nc2
21. Qc4 Nxa1 22. Bxa5 Re5 23. Bc3 Ree8 24. Qd4 f6 25. Qd1 Rxe4 26. b3 Nxb3 27.
Qxb3+ Kf8 28. Bb4+ Ke8 29. Qg8+ Kd7 30. Nc5+ {#r} 1-0

[Event "SIO (Reserve)"]
[Site "Twin Falls, ID"]
[Date "2015.11.14"]
[Round "2.4"]
[White "Shepard, River"]
[Black "Porth, Darwin Albert"]
[Result "1-0"]
[WhiteElo "553"]
[BlackElo "572"]
[EventRounds "4"]
[EventCountry "USA"]

1. e4 e6 2. d4 d5 3. e5 c5 4. Nf3 c4 5. b3 cxb3 6. axb3 Bb4+ 7. c3 Be7 8. Bd3
f6 9. exf6 gxf6 10. O-O e5 11. Bb5+ Bd7 12. Bxd7+ Qxd7 13. dxe5 fxe5 14. Nxe5
Qd6 15. Bf4 Nf6 16. Nf7 Qxf4 17. Nxh8 Bd6 18. g3 Qh6 19. Qe2+ Kd8 20. Nf7+ Kc8
21. Nxh6 Nc6 22. Qe6+ Nd7 23. Qxd6 a6 24. Re1 Kd8 25. Nf7+ Kc8 26. Re8+ Nd8
27. Rxd8# 1-0

[Event "SIO (Reserve)"]
[Site "Twin Falls, ID"]
[Date "2015.11.14"]
[Round "3.1"]
[White "Aderogba, Temiloluwa Deborah"]
[Black "Porth, Desmond"]
[Result "1/2-1/2"]
[WhiteElo "1130"]
[BlackElo "1263"]
[EventRounds "4"]
[EventCountry "USA"]

1. e4 c6 2. d4 d5 3. Nc3 h6 4. Nf3 dxe4 5. Nxe4 Bf5 6. Bd3 e6 7. O-O Bxe4 8.
Bxe4 Nf6 9. Bd3 Nbd7 10. Re1 c5 11. dxc5 Bxc5 12. Bf4 Nd5 13. Bd2 Qb6 14. Rf1
O-O 15. b3 N7f6 16. Qe2 Nh5 17. g3 Rfe8 18. c4 Ne7 19. Bc3 Nf5 20. Bxf5 exf5
21. Qc2 f4 22. g4 Nf6 23. Bxf6 Qxf6 24. Kh1 Qc6 25. Kg2 Re7 26. Rae1 Rae8 27.
Rxe7 Rxe7 28. Rd1 Re8 29. h3 g5 30. Qf5 Re2 31. Rf1 Rxa2 32. Qd3 Qb6 33. Nd2
Qc6+ 34. Kg1 Qc7 35. Kg2 Qc6+ 36. Kg1 Qc7 37. Kg2 Qc6+ 38. Kg1 {#d} 1/2-1/2

[Event "SIO (Reserve)"]
[Site "Twin Falls, ID"]
[Date "2015.11.14"]
[Round "4.1"]
[White "Porth, Desmond"]
[Black "Nyblade III, Wesley"]
[Result "1/2-1/2"]
[WhiteElo "1263"]
[BlackElo "1204"]
[EventRounds "4"]
[EventCountry "USA"]

1. e4 d6 2. Nf3 Nd7 3. d4 g6 4. Nc3 Bg7 5. Be3 b6 6. Qd2 Bb7 7. Bc4 Ngf6 8.
Bh6 O-O 9. Bxg7 Kxg7 10. Qf4 e6 11. O-O-O Re8 12. e5 Nd5 13. Nxd5 exd5 14. Bd3
dxe5 15. dxe5 Qe7 16. Rhe1 Nf8 17. g4 Ne6 18. Qg3 c6 19. h4 h6 20. Nd2 Nf8 21.
f4 f6 22. Nf3 c5 23. g5 fxg5 24. hxg5 hxg5 25. Nxg5 c4 26. Be2 Ne6 27. Nxe6+
Qxe6 28. Rg1 Qf5 29. Bh5 Qxh5 30. Rg2 {#d} 1/2-1/2

[Event "Idaho Closed"]
[Site "Twin Falls, ID"]
[Date "2016.02.13"]
[Round "1.5"]
[White "Roland, Jeffrey T"]
[Black "Porth, Desmond"]
[Result "1-0"]
[WhiteElo "1782"]
[BlackElo "1278"]
[EventRounds "6"]
[EventCountry "USA"]

1. d4 d5 2. c4 Nc6 3. e3 Bf5 4. Nc3 dxc4 5. Bxc4 e6 6. Bb5 Nf6 7. Qa4 Qd7 8.
Nf3 Bd6 9. Nh4 O-O 10. O-O Ng4 11. g3 Nh6 12. Re1 Bh3 13. e4 Be7 14. d5 e5 15.
Nf3 Qg4 16. Be2 Nb4 17. Nxe5 Qc8 18. a3 f6 19. Nf3 Na6 20. b4 f5 21. e5 Ng4
22. Bg5 Nc5 23. Qc2 f4 24. Bxe7 fxg3 25. fxg3 Ne3 26. Qd2 Rxf3 27. Bxf3 Nb3
28. Qxe3 Nxa1 29. Rxa1 {#r} 1-0

[Event "Idaho Closed"]
[Site "Twin Falls, ID"]
[Date "2016.02.13"]
[Round "1.9"]
[White "Carr, John"]
[Black "Porth, Dylan"]
[Result "1-0"]
[WhiteElo "1740"]
[BlackElo "1073"]
[EventRounds "6"]
[EventCountry "USA"]

1. d4 e6 2. c4 d5 3. Nc3 Nf6 4. Bg5 h6 5. Bh4 c5 6. cxd5 exd5 7. Nf3 Be7 8. e3
O-O 9. Be2 Nc6 10. O-O Be6 11. Rc1 Rc8 12. Re1 cxd4 13. Nxd4 Nxd4 14. Qxd4 Bc5
15. Qd3 d4 16. Bxf6 Qxf6 17. Ne4 Qe7 18. Nxc5 Rxc5 19. Rxc5 Qxc5 20. exd4 Qg5
21. b3 Bh3 22. Qxh3 Re8 23. Qc3 Qe7 24. d5 b6 25. Kf1 Qd7 26. Qc6 Qxc6 27.
dxc6 Rc8 28. Bf3 Kf8 29. Rd1 Ke7 30. Rd7+ Ke8 31. Rxa7 b5 32. Bg4 {#r} 1-0

[Event "Idaho Closed"]
[Site "Twin Falls, ID"]
[Date "2016.02.13"]
[Round "1.13"]
[White "Pemsler, Carmen"]
[Black "Porth, Darwin Albert"]
[Result "1-0"]
[WhiteElo "1693"]
[BlackElo "463"]
[EventRounds "6"]
[EventCountry "USA"]

1. d4 e6 2. c4 d5 3. Nc3 c5 4. Nf3 Nf6 5. Bg5 Be7 6. e3 Qd6 7. dxc5 Qxc5 8.
cxd5 exd5 9. Bxf6 Bxf6 10. Rc1 Qd6 11. Nxd5 Bd8 12. Nc7+ Bxc7 13. Qxd6 Bxd6
14. Rxc8+ Kd7 15. Rxh8 Bb4+ 16. Kd1 g6 17. Bb5+ Ke7 18. Ne5 f6 19. Rxh7+ Ke6
20. Nd3 Ba5 21. Rxb7 {#r} 1-0

[Event "Idaho Closed"]
[Site "Twin Falls, ID"]
[Date "2016.02.13"]
[Round "2.14"]
[White "Porth, Desmond"]
[Black "Tongsiri, Chanisara"]
[Result "1-0"]
[WhiteElo "1278"]
[BlackElo "509"]
[EventRounds "6"]
[EventCountry "USA"]

1. e4 e5 2. Nf3 d6 3. Bc4 Be6 4. Bxe6 fxe6 5. O-O d5 6. d3 Nc6 7. Nc3 Nf6 8.
Bg5 Be7 9. Re1 Qd6 10. Nb5 Qd7 11. Nc3 h6 12. Bh4 O-O-O 13. exd5 exd5 14. Nxe5
Qf5 15. Nf7 Ng4 16. Bg3 Qxf7 17. Qxg4+ Kb8 18. Nb5 Bd6 19. Nxd6 cxd6 20. Qf4
Qxf4 21. Bxf4 Rhf8 22. Bd2 Ne5 23. Re2 Rc8 24. Bc3 Rfe8 25. Bxe5 dxe5 26. c3
e4 27. dxe4 dxe4 28. Rae1 Rc4 29. f3 Ra4 30. a3 a6 31. Rxe4 Raxe4 32. Rxe4 Rc8
33. f4 g6 34. Re6 g5 35. fxg5 hxg5 36. Rg6 Rc5 37. Kf2 Rf5+ 38. Ke3 b5 39. Ke4
Rf2 40. Rg8+ Kb7 41. Rg7+ Kb6 42. Rg6+ Kb7 43. Rxg5 Rxb2 44. h4 Ra2 45. h5
Rxa3 46. Kd3 Kb6 47. Rg4 a5 48. Kc2 Kc5 49. h6 b4 50. cxb4+ axb4 51. h7 Ra8
52. Rg8 Ra2+ 53. Kb3 Ra3+ 54. Kb2 Kc4 55. Rc8+ Kb5 56. h8=Q Ka4 57. Ra8+ Kb5
58. Qe5+ Kc4 59. Rc8+ Kd3 60. Rd8+ Kc4 61. Qd5# 1-0

[Event "Idaho Closed"]
[Site "Twin Falls, ID"]
[Date "2016.02.13"]
[Round "2.15"]
[White "Porth, Darwin Albert"]
[Black "Nyblade III, Wesley"]
[Result "0-1"]
[WhiteElo "463"]
[BlackElo "1217"]
[EventRounds "6"]
[EventCountry "USA"]

1. e4 d6 2. Nf3 Nd7 3. d4 g6 4. c3 Bg7 5. Bf4 b6 6. Nbd2 Bb7 7. Bc4 Ngf6 8.
O-O Nxe4 9. Nxe4 Bxe4 10. Re1 Bb7 11. h3 O-O 12. Re2 Re8 13. Qb3 e6 14. Bg5
Qc8 15. Ree1 c5 16. Be3 a6 17. Qd1 Qd8 18. a3 e5 19. dxe5 Nxe5 20. Bg5 Nxf3+
21. gxf3 Qxg5+ 22. Kf1 Rxe1+ 23. Qxe1 Bxf3 24. Qb1 Qg2+ 25. Ke1 Bh6 26. Bf1
Re8+ 27. Be2 Qg1# 0-1

[Event "Idaho Closed"]
[Site "Twin Falls, ID"]
[Date "2016.02.13"]
[Round "2.16"]
[White "Porth, Dylan"]
[Black "Vereshchagin, Aleksandr"]
[Result "0-1"]
[WhiteElo "1073"]
[BlackElo "1213"]
[EventRounds "6"]
[EventCountry "USA"]

1. e4 Nc6 2. Nf3 e5 3. d4 exd4 4. Nxd4 Bc5 5. Nxc6 bxc6 6. Nc3 Qf6 7. Qe2 d6
8. Be3 Bb6 9. O-O-O Ne7 10. g3 O-O 11. Bg2 Rb8 12. Bf4 Re8 13. e5 dxe5 14.
Qxe5 Qxe5 15. Bxe5 Ng6 16. Bd4 c5 17. Be3 Be6 18. Rhe1 Ne5 19. f4 Ng4 20. h3
Nxe3 21. Rxe3 c4 22. Ree1 Bf2 23. Bc6 Red8 24. Rxd8+ Rxd8 25. Rd1 Rxd1+ 26.
Kxd1 Bxg3 27. Ne2 Bh4 28. Bg2 c5 29. Kd2 a5 30. Kc3 Bf6+ 31. Kd2 Bxb2 32. Nc3
Bxc3+ 33. Kxc3 g6 34. h4 h5 35. Bf1 Kg7 36. Bxc4 Kf6 37. Bxe6 fxe6 38. Kc4 Kf5
39. Kxc5 Kxf4 40. Kd4 e5+ 41. Kd3 e4+ 42. Ke2 g5 43. c4 g4 44. c5 Ke5 45. Ke3
Kd5 46. c6 Kxc6 47. Kxe4 Kc5 48. Kd3 Kb4 {#R} 0-1

[Event "Idaho Closed"]
[Site "Twin Falls, ID"]
[Date "2016.02.13"]
[Round "3.8"]
[White "Pemsler, Carmen"]
[Black "Porth, Desmond"]
[Result "1-0"]
[WhiteElo "1693"]
[BlackElo "1278"]
[EventRounds "6"]
[EventCountry "USA"]

1. d4 d5 2. c4 Nf6 3. Nc3 b6 4. Qa4+ Qd7 5. Qxd7+ Nbxd7 6. Nb5 Kd8 7. Bf4 a6
8. Nxc7 Ra7 9. Nxd5 Nxd5 10. cxd5 Nf6 11. Bg3 Nxd5 12. e4 Nb4 13. Kd2 e6 14.
a3 Nc6 15. Nf3 Rd7 16. Ke3 f6 17. Rc1 Nxd4 18. Nxd4 Bc5 19. Rxc5 bxc5 20.
Nxe6+ Ke7 21. Nxg7 Rd1 22. Nf5+ Bxf5 23. exf5 Rhd8 24. Bc7 Ra8 25. g3 Rh8 26.
Bg2 Rxh1 27. Bxh1 Rc8 28. Ba5 Rb8 29. Bc3 Kf7 30. Bd5+ Kg7 31. Kd3 {#r} 1-0

[Event "Idaho Closed"]
[Site "Twin Falls, ID"]
[Date "2016.02.14"]
[Round "3.15"]
[White "Porth, Darwin Albert"]
[Black "Porth, Dylan"]
[Result "0-1"]
[WhiteElo "463"]
[BlackElo "1073"]
[EventRounds "6"]
[EventCountry "USA"]

1. e4 e6 2. d4 d5 3. Nf3 c5 4. Be3 Nc6 5. dxc5 Qa5+ 6. Nbd2 Bxc5 7. Bxc5 Qxc5
8. exd5 Qxd5 9. Nc4 Qxd1+ 10. Rxd1 Nf6 11. Bd3 O-O 12. O-O Nb4 13. Be2 Nxc2
14. Rd2 Nb4 15. Rfd1 Nc6 16. Nce5 h6 17. Nxc6 bxc6 18. Bd3 Bb7 19. Bc2 c5 20.
h3 Ne4 21. Bxe4 Bxe4 22. Re1 Bd5 23. b3 c4 24. bxc4 Bxc4 25. a3 Rad8 26. Red1
Rxd2 27. Rxd2 Bd5 28. Ne5 Kh7 29. Nd7 Rc8 30. Rd1 f6 31. a4 Bb3 32. Rb1 Bxa4
33. Re1 Bxd7 {#R} 0-1